| 000 | 01230nam0a2200325 4500 | ||
|---|---|---|---|
| 001 | RU\NLR\bibl\813718 | ||
| 005 | 20250614133739.0 | ||
| 010 |
_a5-9684-0024-2 _97000 |
||
| 021 |
_aRU _b2005-10154 _9525 |
||
| 035 | _a(NLR Aleph) 000802766 | ||
| 090 |
_a1191736 _c1191736 |
||
| 100 | _a20050629d2005 |||y0rusy50 ca | ||
| 101 | 0 | _arus | |
| 102 | _aRU | ||
| 105 | _ay ||||||||| | ||
| 200 | 1 |
_aЛечение болезней спины и суставов _fАнтип Брагин |
|
| 210 |
_aСанкт-Петербург _cВектор _d2005 |
||
| 215 |
_a120 с. _d20 |
||
| 225 | 1 |
_aНародная книга _eопыт выздоровления |
|
| 300 | _aЗагл. обл.: Лечение спины и суставов | ||
| 512 | 1 |
_6z20790 _aЛечение спины и суставов |
|
| 606 | 1 |
_aОпорно-двигательный аппарат _xБолезни _xТерапия народными средствами _92203825 _3RU\NLR\auth\661324167 |
|
| 686 | _aР418-5 | ||
| 700 | 1 |
_aБрагин _bА. _gАнтип _4070 |
|
| 790 | 1 |
_6z20512 _aБрагин _bА. _gАртем _4070 |
|
| 801 | 0 |
_aRU _bNLR _c20050629 _grcr |
|
| 801 | 1 |
_aRU _bNLR _c20050629 |
|
| 942 | _cBOOK | ||
| 980 | _aNB | ||